| 000 | 01237nam0a2200349 4500 | ||
|---|---|---|---|
| 001 | RU\NLR\bibl\1470745 | ||
| 005 | 20250616002019.0 | ||
| 010 |
_a978-5-699-36147-2 _93500 |
||
| 021 |
_aRU _b2010-3529 _945д/2010 |
||
| 035 | _a(nilc)RSL-KNO-004574923 | ||
| 035 | _a(NLR Aleph) 001462442 | ||
| 090 |
_a1591926 _c1591926 |
||
| 100 | _a20100127d2010 |||y0rusy50 ca | ||
| 101 | 1 |
_arus _ceng |
|
| 102 | _aRU | ||
| 105 | _aa ||||||||| | ||
| 200 | 1 |
_aРемонт автомобиля своими силами _eпросто и универсально _f[пер. с англ. Н.С. Аксеновой] |
|
| 210 |
_aМосква _cЭксмо _d2010 [т.е. 2009] |
||
| 215 |
_a303 с. _cил., цв. ил. _d27 |
||
| 225 | 1 | _aПопулярная механика | |
| 300 | _aКн. фактически изд. в 2009 г. | ||
| 313 | _aЛегковые автомобили | ||
| 606 | 1 |
_aЛегковые автомобили _xРемонт _92083634 _3RU\NLR\auth\661259700 |
|
| 686 |
_aО335.52-083я9 _2rubbk |
||
| 686 | _aО335.52-083 | ||
| 801 | 0 |
_aRU _bRuMoRGB _c20100127 _grcr |
|
| 801 | 1 |
_aRU _bRuMoRGB _c20100127 |
|
| 801 | 2 |
_aRU _bNLR _c20100209 _grcr |
|
| 942 | _cBOOK | ||
| 980 | _aNB | ||